000 00874nam a22002417a 4500
999 _c64400
_d64400
005 20240530110729.0
008 180505s2007 ua a g b 000 0 ara d
017 _a2007/5271
_bمصر. دار الكتب
020 _a9789776163683
040 _aEG-CaGPL
_cEG-CaGPL
082 0 4 _221
_a070.5 \
_bخ و
100 0 _aخالد عزب
245 1 0 _aوعاء المعرفة :
_bمن الحجر الى النشر الفورى /
_cالمحرر خالد عزب ؛ اشراف وتقديم اسماعيل سراج الدين .
250 _aط.1
260 _aالاسكندرية :
_c2007 .
300 _a333 ص. ؛
_c28 سم.
650 0 7 _2qrmak
_aالصحف المصرية
650 0 7 _2qrmak
_aالنشر الالكترونى
650 0 7 _2qrmak
_aالطباعة
_xتاريخ
651 _2qrmak
942 _2ddc
_cBK